Learn C++ on the PC / (Record no. 174772)
[ view plain ]
| 000 -LEADER | |
|---|---|
| fixed length control field | 00878 a2200217 4500 |
| 003 - CONTROL NUMBER IDENTIFIER | |
| control field | Nust |
| 005 - DATE AND TIME OF LATEST TRANSACTION | |
| control field | 20220720145208.0 |
| 010 ## - LIBRARY OF CONGRESS CONTROL NUMBER | |
| LC control number | 93033538 |
| 020 ## - INTERNATIONAL STANDARD BOOK NUMBER | |
| International Standard Book Number | 0201626225 |
| 040 ## - CATALOGING SOURCE | |
| Transcribing agency | Nust |
| 082 00 - DEWEY DECIMAL CLASSIFICATION NUMBER | |
| Classification number | 005.262,MAR |
| 100 1# - MAIN ENTRY--PERSONAL NAME | |
| Personal name | Mark, Dave. |
| 9 (RLIN) | 94118 |
| 245 10 - TITLE STATEMENT | |
| Title | Learn C++ on the PC / |
| Statement of responsibility, etc. | Dave Mark. |
| 260 ## - PUBLICATION, DISTRIBUTION, ETC. | |
| Place of publication, distribution, etc. | Reading, Mass. : |
| Name of publisher, distributor, etc. | Addison-Wesley, |
| Date of publication, distribution, etc. | c1994. |
| 300 ## - PHYSICAL DESCRIPTION | |
| Extent | xiii, 415 p. ; |
| Dimensions | 23 cm. + |
| Accompanying material | 1 computer disc |
| 505 ## - FORMATTED CONTENTS NOTE | |
| Formatted contents note | Welcome Aboard PAge No 1, Installing Thin C++ Page No 9, Remembering C Page No 17, Introducing C++ Page No 41, Object Programming Basics Page No 87, Derived Classes Page No 121.Operator Overloading Page No 153, Inside iostream Page No 201, C++ Potpourri Page No 243, Moving On Page No 291. |
| 538 ## - SYSTEM DETAILS NOTE | |
| System details note | Almirah No.20 Shelf No.3 |
| 650 #0 - SUBJECT ADDED ENTRY--TOPICAL TERM | |
| Topical term or geographic name entry element | C++ (Computer program language) |
| 650 #0 - SUBJECT ADDED ENTRY--TOPICAL TERM | |
| Topical term or geographic name entry element | Microcomputers |
| General subdivision | Programming. |
| 9 (RLIN) | 135 |
| 942 ## - ADDED ENTRY ELEMENTS (KOHA) | |
| Koha item type | Reference |
| Source of classification or shelving scheme | |
| Withdrawn status | Lost status | Source of classification or shelving scheme | Damaged status | Not for loan | Permanent Location | Current Location | Shelving location | Date acquired | Full call number | Barcode | Date last seen | Price effective from | Koha item type | Public note |
|---|---|---|---|---|---|---|---|---|---|---|---|---|---|---|
| Military College of Signals (MCS) | Military College of Signals (MCS) | Reference | 12/12/2016 | 005.262,MAR | MCS26676 | 12/08/2016 | 12/12/2016 | Book | Almirah No.17, Shelf No.2 |
